[Event "LSS RD-2008-0-00010"]
[Site "LSS email"]
[Date "2008.10.08"]
[Round "?"]
[White "Reilly, Ignatius"]
[Black "Arias, Sebastian"]
[Result "0-1"]
[WhiteElo "1409"]
[BlackElo "1797"]
[PlyCount "44"]
[EventDate "2008.08.24"]
[EventType "tourn (corr)"]
[EventRounds "6"]
[EventCountry "GER"]
[SourceTitle "Corr 2013"]
[Source "ChessBase"]
[SourceDate "2012.11.12"]
[SourceVersion "1"]
[SourceVersionDate "2012.11.12"]
[SourceQuality "1"]

1. e4 e5 2. Nf3 Nc6 3. d4 exd4 4. Nxd4 Nf6 5. Nxc6 bxc6 6. e5 Qe7 7. Qe2 Nd5 8. c4 Ba6 9. b3 Qh4 10. a3 Bc5 11. g3 Bxf2+ 12. Qxf2 Qe4+ 13. Kd1 Qxh1 14. Nd2 f6 15. e6 dxe6 16. Kc2 0-0-0 17. Bb2 Ne3+ 18. Qxe3 Qxh2 19. Re1 Kb8 20. Bd4 Ka8 21. Be2 h5 22. Bxa7 h4 0-1

[Event "LSS RE-2008-0-00010"]
[Site "LSS email"]
[Date "2008.09.03"]
[Round "?"]
[White "Sikorski, Roman"]
[Black "Reilly, Ignatius"]
[Result "1-0"]
[WhiteElo "1408"]
[BlackElo "1409"]
[PlyCount "31"]
[EventDate "2008.08.25"]
[EventType "tourn (corr)"]
[EventRounds "6"]
[EventCountry "GER"]
[SourceTitle "Corr 2013"]
[Source "ChessBase"]
[SourceDate "2012.11.12"]
[SourceVersion "1"]
[SourceVersionDate "2012.11.12"]
[SourceQuality "1"]

1. e4 b6 2. d4 Bb7 3. Bd3 e6 4. Nf3 c5 5. d5 exd5 6. exd5 Bxd5 7. Nc3 Bb7 8. Nb5 d6 9. Qe2+ Be7 10. Bf4 Kf8 11. Rd1 Nf6 12. Bc4 Ne8 13. Ne5 d5 14. Nxf7 Kxf7 15. Rxd5 Bxd5 16. Qh5+ 1-0

[Event "LSS RE-2008-0-00010"]
[Site "LSS email"]
[Date "2008.08.31"]
[Round "?"]
[White "MacDonald, Murdo"]
[Black "Reilly, Ignatius"]
[Result "0-1"]
[WhiteElo "1316"]
[BlackElo "1364"]
[PlyCount "60"]
[EventDate "2008.08.25"]
[EventType "tourn (corr)"]
[EventRounds "6"]
[EventCountry "GER"]
[SourceTitle "Corr 2013"]
[Source "ChessBase"]
[SourceDate "2012.11.12"]
[SourceVersion "1"]
[SourceVersionDate "2012.11.12"]
[SourceQuality "1"]

1. e4 b6 2. d4 Bb7 3. Nc3 e6 4. Nf3 Bb4 5. Bd2 Bxc3 6. Bxc3 Bxe4 7. Bc4 d5 8. Bb5+ c6 9. Ba4 a5 10. a3 Nf6 11. Qd2 Bxf3 12. gxf3 b5 13. Bb3 Nbd7 14. 0-0-0 a4 15. Ba2 Nh5 16. Rhg1 Qf6 17. Bb4 g6 18. Qh6 Qxf3 19. Qg5 Qf4+ 20. Bd2 Qxg5 21. Bxg5 Ng7 22. f4 Nf5 23. Rge1 h6 24. h4 hxg5 25. fxg5 Rxh4 26. b3 axb3 27. Bxb3 Nxd4 28. Ba2 Rxa3 29. Kb2 Nxc2 30. Re2 Rb4+ 0-1

[Event "LSS RE-2008-0-00010"]
[Site "LSS email"]
[Date "2008.08.31"]
[Round "?"]
[White "Reilly, Ignatius"]
[Black "Feng, Jason"]
[Result "1-0"]
[WhiteElo "1409"]
[BlackElo "885"]
[PlyCount "75"]
[EventDate "2008.08.25"]
[EventType "tourn (corr)"]
[EventRounds "6"]
[EventCountry "GER"]
[SourceTitle "Corr 2013"]
[Source "ChessBase"]
[SourceDate "2012.11.12"]
[SourceVersion "1"]
[SourceVersionDate "2012.11.12"]
[SourceQuality "1"]

1. b3 b6 2. Bb2 Bb7 3. e3 c5 4. Nf3 Nf6 5. Be2 Nc6 6. 0-0 e6 7. Ne5 Bd6 8. Nxc6 Bxc6 9. f4 0-0 10. Bf3 Bxf3 11. Rxf3 Bc7 12. d3 Nd5 13. Rg3 Nf6 14. c4 Kh8 15. Nc3 a6 16. Ne4 e5 17. Nxf6 Qxf6 18. Qg4 Rad8 19. Rf1 Qh6 20. Bxe5 Bxe5 21. fxe5 g6 22. Rgf3 Qg7 23. Rf6 Qh6 24. Qf4 Qxf4 25. R1xf4 Kg7 26. d4 d6 27. exd6 Rd7 28. Kf2 cxd4 29. exd4 Rc8 30. Kf3 Rc6 31. d5 Rcxd6 32. Rxd6 Rxd6 33. Ke4 f6 34. b4 Kf7 35. c5 bxc5 36. bxc5 Rd8 37. Kd4 Rb8 38. c6 1-0

[Event "LSS RE-2008-0-00009"]
[Site "LSS email"]
[Date "2008.08.19"]
[Round "?"]
[White "Reilly, Ignatius"]
[Black "Bruce, Earle"]
[Result "1-0"]
[WhiteElo "1409"]
[BlackElo "1158"]
[PlyCount "37"]
[EventDate "2008.07.12"]
[EventType "tourn (corr)"]
[EventRounds "6"]
[EventCountry "GER"]
[SourceTitle "Corr 2013"]
[Source "ChessBase"]
[SourceDate "2012.11.12"]
[SourceVersion "1"]
[SourceVersionDate "2012.11.12"]
[SourceQuality "1"]

1. e4 e6 2. d4 d5 3. e5 c5 4. c3 Nc6 5. Nf3 Qb6 6. a3 c4 7. g3 f6 8. Qe2 fxe5 9. Nxe5 Nxe5 10. Qxe5 Bd7 11. Qh5+ Kd8 12. Bh3 Nf6 13. Qe2 Rc8 14. 0-0 Rc6 15. Nd2 Kc8 16. Nf3 Be7 17. Ne5 Rc7 18. Bf4 Rf8 19. Nxd7 1-0

[Event "LSS RE-2008-0-00008"]
[Site "LSS email"]
[Date "2008.08.02"]
[Round "?"]
[White "Baticulon, Nestor"]
[Black "Reilly, Ignatius"]
[Result "0-1"]
[WhiteElo "1285"]
[BlackElo "1409"]
[PlyCount "84"]
[EventDate "2008.07.12"]
[EventType "tourn (corr)"]
[EventRounds "6"]
[EventCountry "GER"]
[SourceTitle "Corr 2013"]
[Source "ChessBase"]
[SourceDate "2012.11.12"]
[SourceVersion "1"]
[SourceVersionDate "2012.11.12"]
[SourceQuality "1"]

1. e4 e6 2. d4 d5 3. exd5 exd5 4. Nf3 Nc6 5. Bb5 Bd6 6. Nc3 Nge7 7. Bg5 f6 8. Be3 Bg4 9. 0-0 Qd7 10. Na4 0-0-0 11. Be2 g5 12. b3 Nf5 13. c4 Nxe3 14. fxe3 Qe7 15. cxd5 Qxe3+ 16. Kh1 Ne7 17. Ng1 h5 18. Qd3 Nxd5 19. Qxe3 Nxe3 20. Rxf6 Bxh2 21. Nf3 Bf4 22. Nc5 Nf5 23. Bc4 Ng3+ 24. Kg1 Bxf3 25. Rxf4 gxf4 26. gxf3 Rxd4 27. Kg2 Re8 28. Rc1 Rd2+ 29. Kh3 Re3 30. Be6+ Kd8 31. Nxb7+ Ke8 32. Bc8 Ne4 33. Rf1 Ree2 34. Kh4 Rh2+ 35. Bh3 Nf2 36. Re1+ Kf7 37. Kg5 Nxh3+ 38. Kh6 Rhg2 39. Re5 Rg6+ 40. Kxh5 Rg3 41. Rc5 Rh2 42. Rxc7+ Ke6 0-1

[Event "LSS RE-2008-0-00008"]
[Site "LSS email"]
[Date "2008.08.01"]
[Round "?"]
[White "Bester, Kazimierz"]
[Black "Reilly, Ignatius"]
[Result "0-1"]
[WhiteElo "711"]
[BlackElo "1409"]
[PlyCount "48"]
[EventDate "2008.07.12"]
[EventType "tourn (corr)"]
[EventRounds "6"]
[EventCountry "GER"]
[SourceTitle "Corr 2013"]
[Source "ChessBase"]
[SourceDate "2012.11.12"]
[SourceVersion "1"]
[SourceVersionDate "2012.11.12"]
[SourceQuality "1"]

1. e4 e5 2. Nf3 f5 3. Nc3 fxe4 4. Nxe4 d5 5. Ng3 e4 6. Nd4 Nf6 7. Be2 c5 8. Ndf5 g6 9. Ne3 d4 10. Nc4 b5 11. Na3 a6 12. 0-0 c4 13. Re1 Bxa3 14. bxa3 0-0 15. Bb2 Ra7 16. c3 d3 17. Bf1 Ng4 18. Nxe4 Qh4 19. h3 Nxf2 20. Nxf2 Qxf2+ 21. Kh1 Raf7 22. a4 Bb7 23. Ba3 Rf3 24. Bxf8 Rxh3# 0-1

[Event "LSS RE-2008-0-00007"]
[Site "LSS email"]
[Date "2008.07.24"]
[Round "?"]
[White "Nin, Ignacio"]
[Black "Reilly, Ignatius"]
[Result "1/2-1/2"]
[WhiteElo "1365"]
[BlackElo "1329"]
[PlyCount "72"]
[EventDate "2008.06.06"]
[EventType "tourn (corr)"]
[EventRounds "6"]
[EventCountry "GER"]
[SourceTitle "Corr 2022"]
[Source "ChessBase"]
[SourceDate "2021.10.24"]
[SourceVersion "1"]
[SourceVersionDate "2021.10.24"]
[SourceQuality "1"]

1. d4 e5 2. dxe5 Nc6 3. Nf3 f6 4. exf6 Nxf6 5. Bg5 h6 6. Bh4 g5 7. Bg3 Bg7 8. Nc3 d6 9. e3 Qe7 10. Bb5 Bd7 11. 0-0 0-0-0 12. Nd4 h5 13. Nxc6 bxc6 14. Ba6+ Kb8 15. h4 Ng4 16. hxg5 h4 17. Bf4 h3 18. Qd3 Ne5 19. Nd5 Nxd3 20. Nxe7 Nc5 21. Be2 hxg2 22. Kxg2 Rde8 23. Ng6 Bh3+ 24. Kf3 Bxf1 25. Rxf1 Rhg8 26. Kg4 Bxb2 27. Rb1 Rxg6 28. Rxb2+ Kc8 29. f3 Kd7 30. Bc4 Rg7 31. e4 a5 32. a3 Rge7 33. Rb1 Rf8 34. Rf1 Ne6 35. Be3 c5 36. c3 Rh8 1/2-1/2

[Event "LSS RE-2008-0-00007"]
[Site "LSS email"]
[Date "2008.06.14"]
[Round "?"]
[White "Murphy, Jones"]
[Black "Reilly, Ignatius"]
[Result "0-1"]
[WhiteElo "1222"]
[BlackElo "1329"]
[PlyCount "44"]
[EventDate "2008.06.06"]
[EventType "tourn (corr)"]
[EventRounds "6"]
[EventCountry "GER"]
[SourceTitle "Corr 2011"]
[Source "ChessBase"]
[SourceDate "2010.08.31"]
[SourceVersion "1"]
[SourceVersionDate "2010.08.31"]
[SourceQuality "1"]

1. d4 e5 2. dxe5 Nc6 3. Nf3 f6 4. exf6 Nxf6 5. Bg5 h6 6. Bxf6 Qxf6 7. c3 d5 8. e3 Be6 9. Qb3 0-0-0 10. Qa4 Kb8 11. Bb5 Ne5 12. Nbd2 Bd6 13. 0-0-0 Ng4 14. Rdf1 Rhf8 15. Nb3 c5 16. Na5 Rf7 17. Qb3 d4 18. c4 dxe3 19. fxe3 Nxe3 20. Nd4 Nxf1 21. Nac6+ bxc6 22. Nxc6+ Ka8 0-1

[Event "LSS RE-2008-0-00006"]
[Site "LSS email"]
[Date "2008.06.08"]
[Round "?"]
[White "Gomez, Alberto"]
[Black "Reilly, Ignatius"]
[Result "0-1"]
[WhiteElo "1206"]
[BlackElo "1321"]
[PlyCount "64"]
[EventDate "2008.05.18"]
[EventType "tourn (corr)"]
[EventRounds "6"]
[EventCountry "GER"]
[SourceTitle "Corr 2011"]
[Source "ChessBase"]
[SourceDate "2010.08.31"]
[SourceVersion "1"]
[SourceVersionDate "2010.08.31"]
[SourceQuality "1"]

1. d4 e5 2. dxe5 Nc6 3. Nf3 f6 4. exf6 Nxf6 5. Bg5 h6 6. Bh4 g5 7. Bg3 Bg7 8. c3 d6 9. e3 Qe7 10. Qc2 Be6 11. Qg6+ Bf7 12. Qxg7 Rh7 13. Qxh7 Nxh7 14. Bd3 Nf6 15. Nbd2 0-0-0 16. 0-0 Nh5 17. a4 Nxg3 18. hxg3 Ne5 19. Bc2 h5 20. Rfd1 h4 21. Bf5+ Kb8 22. Nxe5 Qxe5 23. g4 Rh8 24. Nf3 Qf6 25. Kh2 Bb3 26. Rd2 Qh6 27. Kh3 Re8 28. Nd4 Bd5 29. Nf3 Bc4 30. Rd4 Bb3 31. Rd2 Qf6 32. Nd4 Bd5 0-1

[Event "LSS RE-2008-0-00006"]
[Site "LSS email"]
[Date "2008.06.08"]
[Round "?"]
[White "Murphy, Jones"]
[Black "Reilly, Ignatius"]
[Result "0-1"]
[WhiteElo "1340"]
[BlackElo "1409"]
[PlyCount "20"]
[EventDate "2008.05.18"]
[EventType "tourn (corr)"]
[EventRounds "6"]
[EventCountry "GER"]
[SourceTitle "Corr 2013"]
[Source "ChessBase"]
[SourceDate "2012.11.12"]
[SourceVersion "1"]
[SourceVersionDate "2012.11.12"]
[SourceQuality "1"]

1. d4 e5 2. dxe5 Nc6 3. Bf4 f6 4. Nf3 fxe5 5. Nxe5 Qf6 6. Nxc6 dxc6 7. Bxc7 Qxb2 8. e4 Bg4 9. Qxg4 Bb4+ 10. c3 Bxc3+ 0-1

[Event "LSS RF-2008-0-00011"]
[Site "LSS email"]
[Date "2008.05.09"]
[Round "?"]
[White "Tellore, Shyam Sundar"]
[Black "Reilly, Ignatius"]
[Result "0-1"]
[WhiteElo "1167"]
[BlackElo "1146"]
[PlyCount "30"]
[EventDate "2008.04.20"]
[EventType "tourn (corr)"]
[EventRounds "6"]
[EventCountry "GER"]
[SourceTitle "Corr 2011"]
[Source "ChessBase"]
[SourceDate "2010.08.31"]
[SourceVersion "1"]
[SourceVersionDate "2010.08.31"]
[SourceQuality "1"]

1. e4 e5 2. Bc4 Nf6 3. Nf3 Nc6 4. Ng5 Bc5 5. Nxf7 Bxf2+ 6. Kxf2 Nxe4+ 7. Kg1 Qh4 8. g3 Nxg3 9. hxg3 Qxg3+ 10. Kf1 Rf8 11. Qh5 d5 12. Bxd5 Nb4 13. Rh3 Bxh3+ 14. Ke2 Qh2+ 15. Ke3 Nxd5+ 0-1

[Event "LSS RF-2008-0-00010"]
[Site "LSS email"]
[Date "2008.05.05"]
[Round "?"]
[White "Kelbl, Jiri"]
[Black "Reilly, Ignatius"]
[Result "0-1"]
[WhiteElo "993"]
[BlackElo "1126"]
[PlyCount "34"]
[EventDate "2008.04.16"]
[EventType "tourn (corr)"]
[EventRounds "6"]
[EventCountry "GER"]
[SourceTitle "Corr 2011"]
[Source "ChessBase"]
[SourceDate "2010.08.31"]
[SourceVersion "1"]
[SourceVersionDate "2010.08.31"]
[SourceQuality "1"]

1. e4 e5 2. Nf3 f5 3. Bc4 fxe4 4. Nxe5 Nf6 5. Nf7 Qe7 6. Nxh8 d5 7. Bb3 Bg4 8. Bxd5 Bxd1 9. Bxb7 Bxc2 10. Bxa8 Bd3 11. Nc3 g5 12. Bd5 Nxd5 13. Nxd5 Qe5 14. Ne3 Nc6 15. Ng6 hxg6 16. a4 Nd4 17. Kd1 Qf6 0-1

[Event "LSS BI-2008-P-00020"]
[Site "LSS email"]
[Date "2008.04.27"]
[Round "?"]
[White "Lanier, Jeff"]
[Black "Reilly, Ignatius"]
[Result "0-1"]
[WhiteElo "803"]
[BlackElo "1126"]
[PlyCount "38"]
[EventDate "2008.04.27"]
[EventType "tourn (corr)"]
[EventRounds "10"]
[EventCountry "GER"]
[SourceTitle "Corr 2011"]
[Source "ChessBase"]
[SourceDate "2010.08.31"]
[SourceVersion "1"]
[SourceVersionDate "2010.08.31"]
[SourceQuality "1"]

1. e4 e5 2. Nf3 f5 3. Qe2 fxe4 4. Qxe4 d6 5. Nc3 Nf6 6. Qe2 Nc6 7. d3 Bg4 8. Be3 d5 9. Nb5 a6 10. Na3 e4 11. Bf4 Bxa3 12. bxa3 Nd4 13. Qd1 Nxf3+ 14. gxf3 Bxf3 15. Be2 Bxh1 16. dxe4 Nxe4 17. f3 Qh4+ 18. Bg3 Nxg3 19. Kd2 Qxh2 0-1

[Event "LSS BI-2008-P-00020"]
[Site "LSS email"]
[Date "2008.04.27"]
[Round "?"]
[White "Lindsalu, Indrek"]
[Black "Reilly, Ignatius"]
[Result "1-0"]
[WhiteElo "2180"]
[BlackElo "1126"]
[PlyCount "39"]
[EventDate "2008.04.27"]
[EventType "tourn (corr)"]
[EventRounds "10"]
[EventCountry "GER"]
[SourceTitle "Corr 2011"]
[Source "ChessBase"]
[SourceDate "2010.08.31"]
[SourceVersion "1"]
[SourceVersionDate "2010.08.31"]
[SourceQuality "1"]

1. d4 e6 2. c4 b6 3. a3 Bb7 4. Nc3 f5 5. d5 Nf6 6. g3 b5 7. Nxb5 exd5 8. cxd5 Bxd5 9. Nf3 Bc5 10. Bg5 c6 11. Bxf6 gxf6 12. b4 Bxf3 13. exf3 cxb5 14. bxc5 Nc6 15. Be2 0-0 16. Qd5+ Kg7 17. 0-0 b4 18. Rfd1 bxa3 19. Qxf5 Rf7 20. Rxa3 1-0

[Event "LSS RN-2008-0-00128"]
[Site "LSS email"]
[Date "2008.04.25"]
[Round "?"]
[White "Znak, Nicholas"]
[Black "Reilly, Ignatius"]
[Result "0-1"]
[WhiteElo "793"]
[BlackElo "800"]
[PlyCount "38"]
[EventDate "2008.04.20"]
[EventType "tourn (corr)"]
[EventRounds "6"]
[EventCountry "GER"]
[SourceTitle "Corr 2011"]
[Source "ChessBase"]
[SourceDate "2010.08.31"]
[SourceVersion "1"]
[SourceVersionDate "2010.08.31"]
[SourceQuality "1"]

1. e4 e5 2. Nf3 f5 3. Nxe5 Nc6 4. Qh5+ g6 5. Nxg6 Nf6 6. Qh3 fxe4 7. Nxh8 d5 8. Qh4 Nd4 9. Na3 Bxa3 10. bxa3 Nxc2+ 11. Kd1 Nxa1 12. Bb2 d4 13. Bxa1 Be6 14. h3 Qd6 15. Be2 0-0-0 16. Bg4 Nxg4 17. hxg4 Qxa3 18. Nf7 Bxf7 19. Qxh7 Qxa2 0-1

[Event "LSS RN-2008-0-00128"]
[Site "LSS email"]
[Date "2008.04.23"]
[Round "?"]
[White "Reilly, Ignatius"]
[Black "Zanatta, Federico"]
[Result "1-0"]
[WhiteElo "800"]
[BlackElo "983"]
[PlyCount "47"]
[EventDate "2008.04.20"]
[EventType "tourn (corr)"]
[EventRounds "6"]
[EventCountry "GER"]
[SourceTitle "Corr 2011"]
[Source "ChessBase"]
[SourceDate "2010.08.31"]
[SourceVersion "1"]
[SourceVersionDate "2010.08.31"]
[SourceQuality "1"]

1. e4 c6 2. d4 d5 3. Nc3 b5 4. a3 a6 5. g3 e6 6. Bg2 Nf6 7. Nge2 Be7 8. 0-0 0-0 9. e5 Nfd7 10. f4 f6 11. Be3 fxe5 12. fxe5 c5 13. Nxd5 Ra7 14. Nxe7+ Qxe7 15. Rxf8+ Qxf8 16. Qd2 cxd4 17. Nxd4 Nc5 18. b4 Bb7 19. Nxb5 Ne4 20. Qd3 axb5 21. Bxa7 Qf5 22. Rf1 Nf2 23. Qxf5 exf5 24. Bxb7 1-0